| 000 | 01751nam a22003857a 4500 | ||
|---|---|---|---|
| 001 | 00296 | ||
| 003 | DO-SdBNP | ||
| 005 | 20180309122520.0 | ||
| 007 | 00296 | ||
| 008 | 160504b dr 2008||||| |||| 00| 0 spa d | ||
| 020 | _a9789945112221 (v. 7) Guía | ||
| 020 | _a9789945112320 (v. 7) Cuaderno | ||
| 020 | _a9788482619392 (v. 7) Experimentos | ||
| 040 |
_aBPMSU _bspa _cBPMSU |
||
| 092 |
_a372.257 _bN285e 7mo. 2008 |
||
| 245 |
_aNaturaleza 7 : _beducación básica / _cÁngela Segura [et al.]; dirección editorial de Obdula García de Escobar; editora Claudia Llibre. |
||
| 260 |
_aSanto Domingo : _bSantillana, _c2008 |
||
| 300 |
_a3 v. : _bil., retrs. _c30 cm. |
||
| 490 | 1 | _aCoral | |
| 500 | _aLa biblioteca posee guía y el cuaderno,y experimentos | ||
| 505 | _aUnidad 1. Respuestas a los estímulos. Unidad 2. La coordinación del cuerpo. Unidad 3. La locomoción Unidad 4. Herencia y evolución. Unidad 5. Los ecosistemas Unidad 6. Impacto humano en el medio ambiente Unidad 7. La materia y sus cambios Unidad 8. Estructura de la materia. Propiedades químicas Unidad 9. Los fluidos. Unidad 10. La ondas Unidad 11. Nuestro planeta en el universos | ||
| 650 | 4 |
_aCIENCIAS NATURALES _xENSEÑANZA BÁSICA |
|
| 650 | 4 |
_aCIENCIAS NATURALES _xESTUDIOS Y EJERCICIOS |
|
| 650 | 4 |
_aCIENCIAS SOCIALES _xLIBROS DE TEXTOS |
|
| 650 | 4 |
_aEDUCACIÓN PRIMARIA _zREPÚBLICA DOMINICANA |
|
| 650 | 4 |
_aCIENCIAS NATURALES _xEDUCACIÓN PRIMARIA |
|
| 700 | 1 | 2 | _aSegura, Ángela |
| 700 | 1 | 2 |
_a García de Escobar, Obdulia _eed. |
| 700 | 1 | 2 |
_aLlibre, Claudia _eed. |
| 830 | 0 | _aCoral | |
| 910 | _aValidado. Control de calidad MFF | ||
| 942 |
_2ddc _cBK |
||
| 945 | _a Remanejado para la BNPHU / 2018 VM | ||
| 956 | _aBTAVÁREZ | ||
| 999 |
_c9985 _d9985 |
||